| 000 | 01264cam a2200301 i 4500 | ||
|---|---|---|---|
| 003 | SA-RiAUC | ||
| 005 | 20250723064652.0 | ||
| 008 | 250716s1997 su f b f00010cara c | ||
| 020 | _a9960000869 | ||
| 040 |
_aSA-RiAUC _bara _cSA-RiAUC _erda |
||
| 043 | _aa-su--- | ||
| 050 | 4 | _bS89 1997 | |
| 082 | 0 | 4 |
_a012.09531 _qSA-RiAUC |
| 090 |
_a012.09531 _bص و ي |
||
| 100 | 1 |
_aالصوينع، علي سليمان علي، _d1370 هجري- _eمؤلف. |
|
| 245 | 1 | 0 |
_aمصادر التراجم السعودية : _bدراسة توثيقية وقائمة ببليوجرافية مشروحة / _cعلي السليمان الصوينع. |
| 264 | 1 |
_aالرياض : _bمكتبة الملك فهد الوطنية، _c1997 |
|
| 300 |
_a258 صفحة ؛ _c24 سم. |
||
| 336 |
_aنص _btxt _2rdacontent _3كتاب |
||
| 337 |
_aبدون وسيط _bn _2rdamedia |
||
| 338 |
_aمجلد _bnc _2rdacarrier |
||
| 490 | 0 |
_aمطبوعات مكتبة الملك فهد الوطنية ؛ _vالسلسلة الثالثة ؛ _v30 |
|
| 651 | 7 |
_aالسعودية _vتراجم _vمصادر _2aucsh |
|
| 651 | 7 |
_aالسعودية _vتراجم _vببليوجرافيات _2aucsh |
|
| 942 |
_2ddc _cBOOK _n0 |
||
| 949 |
_aSA-JeALM _d250716 _umohamedma123 _n1 |
||
| 999 |
_c10220 _d10220 |
||